[Event "División  Honor Aragonesa 2018 "]
[Site "Aragon"]
[Date "2018.02.03"]
[Round "2.3"]
[White "Lacruz Algarate, Alvaro"]
[Black "Lopez Gracia, Fernando"]
[Result "1-0"]
[WhiteElo "2113"]
[BlackElo "2302"]
[PlyCount "93"]
[EventDate "2018.??.??"]
[EventType "tourn"]
[EventRounds "10"]
[EventCountry "ESP"]
[WhiteTeam "Agrupacion"]
[BlackTeam "Ibercaja"]

1. e4 e5 2. Nf3 Nc6 3. Bc4 Nf6 4. Qe2 h6 5. c3 d6 6. O-O g6 7. d4 Bg7 8. dxe5
Nxe5 9. Nxe5 dxe5 10. Rd1 Qe7 11. b3 O-O 12. Ba3 c5 13. b4 Be6 14. bxc5 Bxc4
15. Qxc4 Rfc8 16. Nd2 Qc7 (16... Qd7 17. Rab1 Bf8 18. Nb3 Qc6) 17. Rab1 Bf8 18.
Nb3 a5 19. Qa4 Qc6 20. Qxc6 Rxc6 21. f3 b5 22. Rd2 a4 23. Nc1 Bxc5+ 24. Bxc5
Rxc5 25. Ne2 Kf8 26. Rd6 Ne8 27. Rb6 Nc7 28. Rd1 Ke7 29. Kf2 Ra6 30. Rb8 Rd6
31. Rxd6 Kxd6 32. Ke3 h5 33. Kd2 Ke6 34. Rb6+ Kd7 35. Nc1 Rc6 36. Rb8 Na6 37.
Rxb5 Nc5 38. Nd3 Nxd3 39. Kxd3 Ke6 40. Ra5 Rd6+ 41. Kc2 h4 42. h3 Rd8 43. Ra6+
Ke7 44. Rxa4 Rh8 45. Rb4 Rh5 46. Kd3 Rg5 47. Rb2 1-0

[Event "División  Honor Aragonesa 2018 "]
[Site "Aragon"]
[Date "2018.02.03"]
[Round "2.4"]
[White "Torcal Miguel, Oscar"]
[Black "Moreno Martin-Viveros, Alvaro"]
[Result "0-1"]
[WhiteElo "2210"]
[BlackElo "2089"]
[PlyCount "134"]
[EventDate "2018.??.??"]
[EventType "tourn"]
[EventRounds "10"]
[EventCountry "ESP"]
[WhiteTeam "Ibercaja"]
[BlackTeam "Agrupacion"]

1. e4 d5 2. exd5 Qxd5 3. Nc3 Qa5 4. Bc4 Nf6 5. d3 c6 6. h3 g6 7. Bd2 Bg7 8. Nf3
Qc7 9. Qc1 b5 10. Bb3 Nbd7 11. d4 a6 12. O-O O-O 13. Re1 e6 14. Bf4 Qb6 15. a4
Bb7 16. Bd6 Rfe8 17. a5 Qa7 18. Qe3 c5 19. dxc5 Bxf3 20. Qxf3 Nxc5 21. Rad1
Nxb3 22. cxb3 Rad8 23. b4 Qa8 24. Qf4 Qc6 25. Bc5 Qa8 26. Bb6 Rxd1 27. Rxd1 Nd5
28. Nxd5 exd5 29. Rc1 Bxb2 30. Rd1 Qc6 31. Qf3 Re4 32. Qb3 Qc3 33. Qxd5 Re1+
34. Rxe1 Qxe1+ 35. Kh2 Qe5+ 36. Qxe5 Bxe5+ 37. Kg1 Bd6 38. Kf1 Bxb4 39. Ke2 Kf8
40. Ke3 Ke7 41. Kd4 Ke6 42. f3 Kd6 43. g4 Ba3 44. Ba7 Bb2+ 45. Ke4 b4 46. Bb6
b3 47. Kd3 Kd5 48. Be3 f5 49. h4 fxg4 50. fxg4 Be5 51. h5 b2 52. Kc2 Ke4 53.
Bd2 Kf3 54. hxg6 hxg6 55. g5 Bf4 56. Be1 Bc1 57. Bc3 Bxg5 58. Bxb2 Bd8 59. Bc3
g5 60. Kb3 g4 61. Kb4 g3 62. Be5 g2 63. Bh2 Kf2 64. Kc5 Bxa5 65. Kc6 Be1 66.
Kb6 Kf3 67. Kxa6 Bf2 0-1

[Event "División  Honor Aragonesa 2018 "]
[Site "Aragon"]
[Date "2018.02.03"]
[Round "2.5"]
[White "Salamero Pelay, Fernando"]
[Black "Garza Marco, Sergio"]
[Result "0-1"]
[WhiteElo "2155"]
[BlackElo "2418"]
[PlyCount "68"]
[EventDate "2018.??.??"]
[EventType "tourn"]
[EventRounds "10"]
[EventCountry "ESP"]
[WhiteTeam "Atletismo Huesca"]
[BlackTeam "Helios"]

1. e4 g6 2. d4 Bg7 3. Nc3 c6 4. Bc4 d6 5. Nf3 Nf6 6. Bb3 O-O 7. a4 Bg4 8. h3
Bxf3 9. Qxf3 Nbd7 10. Be3 e6 11. O-O d5 12. Bg5 Qc7 13. e5 Ne8 14. Qe3 Kh8 15.
Rae1 a6 16. Bh6 c5 17. dxc5 Nxc5 18. Bxd5 exd5 19. Nxd5 Qc6 20. Ne7 Qc7 21. Nd5
Qc6 22. Ne7 Qb6 23. Nd5 Qa7 24. Bxg7+ Kxg7 25. e6 fxe6 26. Qd4+ Kg8 27. b4 exd5
28. Qxd5+ Kh8 29. Re7 Nf6 30. Qe5 Nce4 31. g4 Qb8 32. Rc7 Qe8 33. Qd4 Rd8 34.
Qe3 Nd2 0-1

[Event "División  Honor Aragonesa 2018 "]
[Site "Aragon"]
[Date "2018.02.03"]
[Round "2.6"]
[White "Guzman Moneo, Alberto"]
[Black "Abril Avellanas, Eduardo"]
[Result "0-1"]
[WhiteElo "2239"]
[BlackElo "2142"]
[PlyCount "80"]
[EventDate "2018.??.??"]
[EventType "tourn"]
[EventRounds "10"]
[EventCountry "ESP"]
[WhiteTeam "Helios"]
[BlackTeam "Atletismo Huesca"]

1. e4 c5 2. Nc3 Nc6 3. Bb5 g6 4. Bxc6 bxc6 5. f4 Bg7 6. Nf3 d6 7. O-O Nh6 8.
Qe1 O-O 9. d3 f5 10. e5 Kh8 11. Bd2 Be6 12. exd6 Qxd6 13. b3 Nf7 14. Qh4 Bf6
15. Ng5 Nxg5 16. fxg5 Bd4+ 17. Kh1 Bd5 18. Rae1 Rae8 19. Ne2 Bg7 20. c4 Bg8 21.
Be3 f4 22. Nxf4 e5 23. Nh3 Rxf1+ 24. Rxf1 Qxd3 25. Qe1 Be6 26. Nf2 Qc2 27. Bxc5
Bf5 28. Qe3 Rd8 29. Be7 Re8 30. Bf6 Qxa2 31. Ne4 Bxe4 32. Qxe4 Qa6 33. h3 Qb7
34. Rf3 Qd7 35. Rd3 Qe6 36. Bxg7+ Kxg7 37. Rf3 Rf8 38. Rxf8 Kxf8 39. Kg1 Qd6
40. Qf3+ Ke7 0-1

[Event "División  Honor Aragonesa 2018 "]
[Site "Aragon"]
[Date "2018.02.03"]
[Round "2.7"]
[White "Luis Vitalla, Fernando"]
[Black "Navarro Alonso, Jorge"]
[Result "1/2-1/2"]
[WhiteElo "2116"]
[BlackElo "2190"]
[PlyCount "50"]
[EventDate "2018.??.??"]
[EventType "tourn"]
[EventRounds "10"]
[EventCountry "ESP"]
[WhiteTeam "Atletismo Huesca"]
[BlackTeam "Helios"]

1. d4 d5 2. c4 e6 3. Nc3 c5 4. cxd5 cxd4 5. Qa4+ Bd7 6. Qxd4 exd5 7. Nf3 Nc6 8.
Qd1 Be6 9. Bg5 f6 10. Be3 Bb4 11. Nd4 Qd7 12. Qb3 Nge7 13. Nxe6 Qxe6 14. a3
Bxc3+ 15. bxc3 O-O 16. g3 Na5 17. Qc2 Rac8 18. Bg2 Rfd8 19. Bd4 Nec6 20. Rd1
Nxd4 21. Rxd4 Nc6 22. Rh4 g6 23. O-O d4 24. cxd4 Nxd4 25. Qe4 Nxe2+ 1/2-1/2

[Event "División  Honor Aragonesa 2018 "]
[Site "Aragon"]
[Date "2018.02.03"]
[Round "2.8"]
[White "Cerrajeria Ruiz, Jesus Maria"]
[Black "Gella Lopez, Angel"]
[Result "0-1"]
[WhiteElo "2142"]
[BlackElo "2110"]
[PlyCount "138"]
[EventDate "2018.??.??"]
[EventType "tourn"]
[EventRounds "10"]
[EventCountry "ESP"]
[WhiteTeam "Helios"]
[BlackTeam "Atletismo Huesca"]

1. Nf3 d5 2. c4 c6 3. g3 Nf6 4. Bg2 Bg4 5. Ne5 Bh5 6. cxd5 Nxd5 7. Qb3 Nb6 8.
Bf3 Bg6 9. a4 a5 10. Nc3 e6 11. h4 Bd6 12. d4 Bxe5 13. dxe5 h6 14. Be4 Bxe4 15.
Nxe4 O-O 16. Bf4 N8d7 17. Qf3 Nd5 18. Qh5 Nxf4 19. gxf4 Qb6 20. Nf6+ Nxf6 21.
exf6 Qb4+ 22. Kf1 Qxf4 23. fxg7 Rfd8 24. Rg1 Rd5 25. Qg4 Qxg4 26. Rxg4 Rad8 27.
Ra3 Rd4 28. Rag3 Rxg4 29. Rxg4 Rd1+ 30. Kg2 Rd2 31. b4 Rxe2 32. bxa5 Re5 33. a6
bxa6 34. Kg3 Rd5 35. Kf3 c5 36. Ke3 Rd6 37. a5 Rd1 38. Rc4 Rd5 39. Rg4 c4 40.
Rxc4 Rxa5 41. Rg4 Rh5 42. Rg1 a5 43. f4 a4 44. Kf3 a3 45. Ra1 Ra5 46. Kg4 h5+
47. Kg3 a2 48. f5 exf5 49. Kf4 f6 50. Ke3 Kxg7 51. Kd3 Ra4 52. Kc3 f4 53. Kb3
Ra8 54. Kb2 Kf7 55. Kc3 Ke6 56. Kd3 Kf5 57. Ke2 Ra3 58. Kf2 Kg4 59. Kg2 Kxh4
60. Kf2 Kg4 61. Kg2 f3+ 62. Kf2 h4 63. Rg1+ Kf4 64. Rh1 Ra8 65. Ra1 h3 66. Rg1
h2 67. Ra1 Rg8 68. Rc1 Rg2+ 69. Kf1 h1=Q# 0-1

[Event "División  Honor Aragonesa 2018 "]
[Site "Aragon"]
[Date "2018.02.03"]
[Round "2.9"]
[White "Gavin Roche, Enrique"]
[Black "Colas Longares, Rafael P"]
[Result "1/2-1/2"]
[WhiteElo "2231"]
[BlackElo "2324"]
[PlyCount "60"]
[EventDate "2018.??.??"]
[EventType "tourn"]
[EventRounds "10"]
[EventCountry "ESP"]
[WhiteTeam "ONCE C.A. Aragon"]
[BlackTeam "SMA Barbastro"]

1. d4 d5 2. c4 Nc6 3. e3 e6 4. Nc3 Nf6 5. a3 a6 6. Nf3 Bd6 7. Bd3 dxc4 8. Bxc4
O-O 9. b4 e5 10. dxe5 Nxe5 11. Nxe5 Bxe5 12. Bb2 Qe7 13. Qc2 c6 14. h3 Bd6 15.
Bd3 Re8 16. Ne2 Bd7 17. Nd4 Ne4 18. O-O Rad8 19. Rad1 Bc8 20. Rfe1 Bc7 21. Nf3
h6 22. Ba1 Ng5 23. Be2 Rd6 24. Rxd6 Qxd6 25. Rd1 Qf8 26. Bd4 Qe7 27. Bb2 Ne4
28. Bd3 Ng5 29. Be2 Ne4 30. Bd3 Ng5 1/2-1/2

[Event "División  Honor Aragonesa 2018 "]
[Site "Aragon"]
[Date "2018.02.03"]
[Round "2.10"]
[White "Garcia Vicente, Nieves"]
[Black "Laliena Solanes, Luis"]
[Result "1-0"]
[WhiteElo "2174"]
[BlackElo "2140"]
[PlyCount "135"]
[EventDate "2018.??.??"]
[EventType "tourn"]
[EventRounds "10"]
[EventCountry "ESP"]
[WhiteTeam "SMA Barbastro"]
[BlackTeam "ONCE C.A. Aragon"]

1. d4 Nf6 2. Nf3 c5 3. e3 g6 4. c4 Bg7 5. Nc3 O-O 6. Be2 d6 7. O-O Bf5 8. h3
Ne4 9. Nxe4 Bxe4 10. Ng5 Bf5 11. e4 Bd7 12. d5 h6 13. Nf3 b5 14. cxb5 a6 15.
Qb3 axb5 16. Bxb5 Qa5 17. Bc4 Na6 18. Bd2 Qa4 19. Bc3 Rfb8 20. Qxa4 Bxa4 21.
Bxg7 Kxg7 22. b3 Bb5 23. Rfc1 Nc7 24. Nd2 Ra3 25. Bxb5 Nxb5 26. Nc4 Ra6 27. Nb2
Nd4 28. Kh2 f5 29. exf5 gxf5 30. Na4 Kf6 31. Rc4 Ra7 32. Re1 Rab7 33. Re3 Rb4
34. Rc1 f4 35. Re4 Nf5 36. Rce1 Rxe4 37. Rxe4 Rb4 38. f3 Ne3 39. Nc3 Rd4 40.
Ne2 Rxe4 41. fxe4 Ke5 42. a4 Kxe4 43. a5 Nxd5 44. a6 Nb6 45. Kg1 e5 46. Nc3+
Kd3 47. Nb5 Na8 48. Nxd6 e4 49. Kf1 e3 50. Ke1 Kc3 51. Nb7 c4 52. bxc4 Kxc4 53.
Ke2 Kb5 54. a7 Kb6 55. Nd8 Kxa7 56. Ne6 Kb6 57. Nxf4 Kc5 58. Kxe3 Kd6 59. Ke4
Ke7 60. Kf5 Kf7 61. Nd5 h5 62. h4 Kg7 63. Ke6 Kg6 64. g3 Kg7 65. Kd6 Kg6 66.
Nf4+ Kf5 67. Kc6 Kg4 68. Nxh5 1-0

[Event "División  Honor Aragonesa 2018 "]
[Site "Aragon"]
[Date "2018.02.03"]
[Round "2.11"]
[White "Latorre Abad, Fernando"]
[Black "Escuer Sanchez, Nestor"]
[Result "1-0"]
[WhiteElo "2094"]
[BlackElo "2074"]
[PlyCount "81"]
[EventDate "2018.??.??"]
[EventType "tourn"]
[EventRounds "10"]
[EventCountry "ESP"]
[WhiteTeam "ONCE C.A. Aragon"]
[BlackTeam "SMA Barbastro"]

1. e4 e6 2. d3 d5 3. Qe2 Nf6 4. Nf3 Be7 5. g3 O-O 6. Bg2 b5 7. e5 Nfd7 8. O-O
c5 9. h4 Nc6 10. Re1 a5 11. Bf4 Ba6 12. Nbd2 Qb6 13. c3 c4 14. d4 b4 15. Rab1
a4 16. Bg5 bxc3 17. bxc3 Qa5 18. Bxe7 Nxe7 19. Rec1 a3 20. Bh3 Rfb8 21. Ng5 Nf8
22. Qf3 Nf5 23. Bxf5 exf5 24. Qxf5 Qc7 25. Qc2 Bc8 26. Rxb8 Rxb8 27. Rb1 g6 28.
Qc1 Ra8 29. Rb5 h6 30. Ngf3 Be6 31. Qb1 Qd8 32. Nf1 g5 33. hxg5 hxg5 34. Ne3
Ng6 35. Nh2 Ne7 36. Nhg4 Kg7 37. Rb7 Bc8 38. Rxe7 Qxe7 39. Nf6 Qd8 40. Qh7+ Kf8
41. Nexd5 1-0

[Event "División  Honor Aragonesa 2018 "]
[Site "Aragon"]
[Date "2018.02.03"]
[Round "2.12"]
[White "Andreu Sin, Raul"]
[Black "Fuertes Garay, Javier"]
[Result "1-0"]
[WhiteElo "2041"]
[BlackElo "2040"]
[PlyCount "86"]
[EventDate "2018.??.??"]
[EventType "tourn"]
[EventRounds "10"]
[EventCountry "ESP"]
[WhiteTeam "SMA Barbastro"]
[BlackTeam "ONCE C.A. Aragon"]

1. d4 Nf6 2. c4 c5 3. d5 e6 4. Nc3 exd5 5. cxd5 d6 6. e4 g6 7. Bd3 Bg7 8. Nge2
O-O 9. O-O a6 10. a4 Nbd7 11. f4 Qc7 12. Ng3 b6 13. Be3 Bb7 14. Qf3 Rac8 15.
Nge2 h5 16. h3 Rfe8 17. Bc2 Qd8 18. Bf2 Qc7 19. Rad1 Qb8 20. Bh4 Nh7 21. Ng3 b5
22. axb5 axb5 23. Nxh5 gxh5 24. Qxh5 Ndf6 25. Qf5 b4 26. Bxf6 Nxf6 27. Ne2 Ba6
28. Rf2 Bxe2 29. Rxe2 Qb5 30. Re3 Qd7 31. Qg5 Nh7 32. Qh5 Nf8 33. Rg3 f6 34.
Qh4 Qe7 35. Rdd3 c4 36. Rxg7+ Qxg7 37. Rg3 b3 38. Rxg7+ Kxg7 39. Bd1 c3 40.
Qg3+ Kh8 41. bxc3 b2 42. Bc2 Ra8 43. Qd3 Rec8 1-0

[Event "División  Honor Aragonesa 2018 "]
[Site "Aragon"]
[Date "2018.02.03"]
[Round "2.13"]
[White "Forcen Esteban, Daniel"]
[Black "Cebollada Pacheco, Jesus Raul"]
[Result "1-0"]
[WhiteElo "2541"]
[BlackElo "2042"]
[PlyCount "119"]
[EventDate "2018.??.??"]
[EventType "tourn"]
[EventRounds "10"]
[EventCountry "ESP"]
[WhiteTeam "Jaime Casas"]
[BlackTeam "St. Casablanca B"]

1. d4 Nf6 2. c4 g6 3. Nc3 Bg7 4. e4 d6 5. h3 e5 6. d5 a5 7. g4 Na6 8. Nge2 h5
9. g5 Nh7 10. Rg1 Nc5 11. Be3 b6 12. b3 Bd7 13. Qd2 O-O 14. O-O-O Qe8 15. h4 f5
16. gxf6 Nxf6 17. f3 Kh7 18. Rg3 Ng8 19. Ng1 Bh6 20. Bxh6 Nxh6 21. Bh3 Rf6 22.
Bxd7 Qxd7 23. Nh3 Nf7 24. Rdg1 Rg8 25. Kc2 Qe7 26. Nd1 Qd7 27. Qe2 Qe8 28. Ne3
Nh6 29. Nd1 Nf7 30. Nc3 Qd7 31. Nb5 Na6 32. a3 Rg7 33. Qd2 Rg8 34. Kb2 Rg7 35.
b4 axb4 36. axb4 c5 37. dxc6 Qxc6 38. Kb3 Nc7 39. Nxc7 Qxc7 40. Ra1 Nd8 41.
Ng5+ Kh8 42. Ra8 Rg8 43. Qd5 Qc6 44. Ra7 Rg7 45. Ra6 Rb7 46. Ra8 Qxd5 47. exd5
Rf8 48. Ne4 Rd7 49. Rxg6 Rxf3+ 50. Ka4 Kh7 51. Rxd6 Rxd6 52. Nxd6 Nf7 53. Ra7
Kg6 54. Rxf7 Rh3 55. Kb5 Rxh4 56. Rf1 Rf4 57. Rxf4 exf4 58. Ne4 Kf5 59. Nf2 f3
60. d6 {1-0} 1-0

[Event "División  Honor Aragonesa 2018 "]
[Site "Aragon"]
[Date "2018.02.03"]
[Round "2.14"]
[White "Arjol Lopez, Daniel"]
[Black "Ramiro Ovejero, Juan Luis"]
[Result "1/2-1/2"]
[WhiteElo "2042"]
[BlackElo "2384"]
[PlyCount "91"]
[EventDate "2018.??.??"]
[EventType "tourn"]
[EventRounds "10"]
[EventCountry "ESP"]
[WhiteTeam "St. Casablanca B"]
[BlackTeam "Jaime Casas"]

1. c4 e5 2. g3 Nf6 3. Bg2 c6 4. Nc3 d5 5. cxd5 cxd5 6. d4 e4 7. Bg5 Bb4 8. Nh3
Bxc3+ 9. bxc3 Nbd7 10. O-O h6 11. Bxf6 Nxf6 12. Qb3 O-O 13. Rac1 Bf5 14. f3 Qd7
15. Nf4 Rfe8 16. fxe4 Bxe4 17. Bxe4 Rxe4 18. Rb1 b6 19. Qb5 Qd6 20. Rf3 Rd8 21.
Rbf1 Re7 22. Ng2 Ne4 23. Ne3 Nxc3 24. Qd3 Qb4 25. Nc2 Qa4 26. Qxc3 Rxe2 27.
R3f2 Rxf2 28. Rxf2 Qxa2 29. Qc7 Rf8 30. Kg2 Qa4 31. Qe5 Qc6 32. Ne3 f6 33.
Qxd5+ Qxd5+ 34. Nxd5 Rd8 35. Ne7+ Kf7 36. Nc6 Rd6 37. Nxa7 Rxd4 38. Rb2 h5 39.
Nc8 h4 40. Nxb6 hxg3 41. hxg3 g5 42. Rc2 f5 43. Nc4 g4 44. Ne3 f4 45. Nxg4 fxg3
46. Kxg3 1/2-1/2

[Event "División  Honor Aragonesa 2018 "]
[Site "Aragon"]
[Date "2018.02.03"]
[Round "2.15"]
[White "Gines Esteo, Pedro Antonio"]
[Black "Jaques Burguete, Raul"]
[Result "1-0"]
[WhiteElo "2386"]
[BlackElo "2002"]
[PlyCount "73"]
[EventDate "2018.??.??"]
[EventType "tourn"]
[EventRounds "10"]
[EventCountry "ESP"]
[WhiteTeam "Jaime Casas"]
[BlackTeam "St. Casablanca B"]

1. d4 d5 2. Nf3 Nf6 3. g3 Bg4 4. Bg2 c6 5. O-O Nbd7 6. c4 e6 7. cxd5 exd5 8.
Qb3 Nb6 9. a4 Qc7 10. Ne5 Be6 11. a5 Nc4 12. Nxc4 dxc4 13. Qc2 Rd8 14. Bf4 Bd6
15. Bxd6 Qxd6 16. e3 b5 17. axb6 axb6 18. Ra6 Nd5 19. Qe2 b5 20. Nc3 Nb4 21.
Ra7 O-O 22. Rfa1 Rd7 23. Ne4 Qe7 24. Rxd7 Bxd7 25. Nc5 Be8 26. Qd2 Nd5 27. e4
Nc7 28. Ra7 Qd8 29. d5 cxd5 30. Qa5 Ne6 31. Qxd8 Nxd8 32. exd5 b4 33. Ra8 c3
34. bxc3 bxc3 35. Rxd8 Ba4 36. Rxf8+ Kxf8 37. Nd3 1-0

[Event "División  Honor Aragonesa 2018 "]
[Site "Aragon"]
[Date "2018.02.03"]
[Round "2.17"]
[White "Adla, Diego"]
[Black "Garcia Fernandez, Javier"]
[Result "1-0"]
[WhiteElo "2407"]
[BlackElo "2148"]
[PlyCount "81"]
[EventDate "2018.??.??"]
[EventType "tourn"]
[EventRounds "10"]
[EventCountry "ESP"]
[WhiteTeam "St. Casablanca A"]
[BlackTeam "Teruel"]

1. Nf3 Nf6 2. c4 e6 3. g3 d5 4. Bg2 Be7 5. O-O O-O 6. b3 c5 7. e3 dxc4 8. bxc4
Qc7 9. Bb2 Nc6 10. Nc3 Rd8 11. Qe2 e5 12. d3 Bf5 13. Nd5 Qd6 14. Rfd1 Re8 15.
Bc3 Bd8 16. Qb2 Rb8 17. h3 Ba5 18. Bxa5 Nxa5 19. Nd2 h5 20. Qb5 b6 21. Nxf6+
Qxf6 22. Ne4 Qe7 23. Nc3 Bd7 24. Qb2 Rbd8 25. Qe2 g6 26. Kh2 Kg7 27. Rf1 Nc6
28. Rae1 f5 29. f4 exf4 30. gxf4 Kh7 31. Bd5 Qg7 32. Qd2 Ne7 33. Rg1 Nxd5 34.
cxd5 b5 35. Rg5 b4 36. Nd1 Ba4 37. Nb2 Bb5 38. Reg1 Rxd5 39. Rxg6 Qe7 40. Qg2
Qd8 41. Rh6+ 1-0

[Event "División  Honor Aragonesa 2018 "]
[Site "Aragon"]
[Date "2018.02.03"]
[Round "2.18"]
[White "Dominguez Bujeda, Jesus"]
[Black "Glavina, Pablo"]
[Result "0-1"]
[WhiteElo "2097"]
[BlackElo "2394"]
[PlyCount "70"]
[EventDate "2018.??.??"]
[EventType "tourn"]
[EventRounds "10"]
[EventCountry "ESP"]
[WhiteTeam "Teruel"]
[BlackTeam "St. Casablanca A"]

1. d4 Nf6 2. c4 e6 3. Nc3 Bb4 4. Qc2 O-O 5. Nf3 d5 6. cxd5 exd5 7. Bg5 h6 8.
Bxf6 Qxf6 9. e3 Bf5 10. Bd3 Bxd3 11. Qxd3 c6 12. O-O Nd7 13. a3 Bd6 14. b4 a6
15. Rfd1 Qe7 16. e4 dxe4 17. Qxe4 a5 18. b5 Bxa3 19. bxc6 bxc6 20. d5 cxd5 21.
Rxd5 Nf6 22. Qd3 Nxd5 23. Nxd5 Qc5 24. Rd1 Bb2 25. Qf5 Qa7 26. Nd2 g6 27. Qc2
Bg7 28. Ne4 Rfd8 29. Qa2 Kh8 30. h4 Rab8 31. Rd3 Qb7 32. Qc4 Qb5 33. Qc7 Qxd3
34. Qxf7 Qxe4 35. Ne7 Rd1+ 0-1

[Event "División  Honor Aragonesa 2018 "]
[Site "Aragon"]
[Date "2018.02.03"]
[Round "2.19"]
[White "Quintin Navarro, Alberto"]
[Black "Martin Catalan, Juan Vicente"]
[Result "1-0"]
[WhiteElo "2380"]
[BlackElo "2055"]
[PlyCount "121"]
[EventDate "2018.??.??"]
[EventType "tourn"]
[EventRounds "10"]
[EventCountry "ESP"]
[WhiteTeam "St. Casablanca A"]
[BlackTeam "Teruel"]

1. e4 c5 2. Nf3 g6 3. c4 Nc6 4. d4 cxd4 5. Nxd4 Bg7 6. Be3 Nf6 7. Nc3 d6 8. Be2
O-O 9. O-O Nxd4 10. Bxd4 Be6 11. Qd2 Qa5 12. Rac1 Nxe4 13. Nxe4 Qxd2 14. Nxd2
Bxd4 15. b3 Rac8 16. Bf3 Rc7 17. Ne4 h6 18. Rfd1 Bb2 19. Rc2 Bg7 20. Re2 Rfc8
21. Nd2 a6 22. a4 Kf8 23. Nf1 Bd7 24. Ne3 Bc6 25. Bd5 Rb8 26. g3 Bf6 27. Rd3 h5
28. f4 e6 29. Bg2 Be7 30. Ra2 a5 31. Rad2 Rbc8 32. h3 Bxg2 33. Kxg2 Rc6 34. g4
hxg4 35. hxg4 f5 36. Nc2 d5 37. Nd4 dxc4 38. Rh3 c3 39. Rc2 Bf6 40. Nxc6 Rxc6
41. g5 Bd4 42. Rd3 e5 43. fxe5 Bxe5 44. Kf3 Rb6 45. Rd5 Bg7 46. Rb5 Re6 47.
Rxb7 Bd4 48. Re2 Rc6 49. Ree7 Rc8 50. Rec7 Re8 51. Rc4 Re3+ 52. Kg2 Re2+ 53.
Kf1 Re4 54. Rc8+ Re8 55. Rxe8+ Kxe8 56. Ke2 f4 57. Rc7 Kd8 58. Rc4 Be3 59. Rxc3
Kd7 60. Kf3 Kd6 61. Ke4 1-0

[Event "División  Honor Aragonesa 2018 "]
[Site "Aragon"]
[Date "2018.02.03"]
[Round "2.20"]
[White "Barcena Laguia, Francisco"]
[Black "Chueca Lorente, Javier"]
[Result "0-1"]
[WhiteElo "1849"]
[BlackElo "2134"]
[PlyCount "72"]
[EventDate "2018.??.??"]
[EventType "tourn"]
[EventRounds "10"]
[EventCountry "ESP"]
[WhiteTeam "Teruel"]
[BlackTeam "St. Casablanca A"]

1. d4 d5 2. Nf3 c6 3. Bf4 Qb6 4. b3 Nf6 5. Nbd2 Bf5 6. e3 e6 7. a3 Nbd7 8. Be2
Be7 9. O-O O-O 10. Nh4 Be4 11. f3 Bg6 12. Nxg6 hxg6 13. Bg3 c5 14. c3 cxd4 15.
cxd4 e5 16. Bf2 exd4 17. exd4 Rac8 18. b4 a5 19. bxa5 Qxa5 20. a4 Rfe8 21. Nb3
Qb4 22. Be1 Qd6 23. Bb5 Qe6 24. Rc1 Ba3 25. Ra1 Bd6 26. Rc1 b6 27. Bf2 Bf4 28.
Rc2 Qf5 29. Bd3 Qg5 30. Bb5 Bd6 31. Rxc8 Rxc8 32. Bxd7 Nxd7 33. Qd3 Nf8 34. Qb5
Ne6 35. Kh1 Rc2 36. Qd3 Nf4 0-1

[Event "División  Honor Aragonesa 2018 "]
[Site "Aragon"]
[Date "2018.02.03"]
[Round "2.21"]
[White "Hinojar Basa, Alfonso"]
[Black "Romero Pallares, Daniel"]
[Result "1/2-1/2"]
[WhiteElo "2199"]
[BlackElo "2203"]
[PlyCount "110"]
[EventDate "2018.??.??"]
[EventType "tourn"]
[EventRounds "10"]
[EventCountry "ESP"]
[WhiteTeam "Marcos Frechin"]
[BlackTeam "Palacio de Pioneros"]

1. e4 g6 2. d4 Bg7 3. Nc3 d6 4. f4 a6 5. Nf3 b5 6. Bd3 Nd7 7. e5 c5 8. Be4 Rb8
9. O-O Nh6 10. Ne2 O-O 11. c3 Qb6 12. Kh1 Bb7 13. Bxb7 Qxb7 14. Ng3 cxd4 15.
cxd4 Qd5 16. Be3 Nb6 17. b3 f6 18. f5 Nxf5 19. Nxf5 gxf5 20. exd6 Qxd6 21. Nh4
Nd5 22. Nxf5 Nxe3 23. Nxe3 e6 24. d5 f5 25. Rc1 f4 26. dxe6 Qxe6 27. Qd5 Rbe8
28. Qxe6+ Rxe6 29. Nd5 Bh6 30. Rfe1 Rxe1+ 31. Rxe1 Rd8 32. Nc7 Rd2 33. Nxa6
Rxa2 34. Nc7 b4 35. Nd5 Bf8 36. Rb1 Bd6 37. h3 Kg7 38. Nb6 Kg6 39. Nc4 Bc5 40.
Rf1 Kf5 41. g3 Rf2 42. Rxf2 Bxf2 43. gxf4 Kxf4 44. Na5 Kg3 45. Nc6 Bc5 46. Nxb4
Bxb4 47. h4 Kf3 48. h5 h6 49. Kh2 Bd6+ 50. Kh1 Ke4 51. b4 Bxb4 52. Kg2 Kf4 53.
Kh1 Kg3 54. Kg1 Bc5+ 55. Kh1 Bd4 1/2-1/2

[Event "División  Honor Aragonesa 2018 "]
[Site "Aragon"]
[Date "2018.02.03"]
[Round "2.22"]
[White "Palacios Herrero, Pablo"]
[Black "Portero Garnica, Miguel Angel"]
[Result "1-0"]
[WhiteElo "2165"]
[BlackElo "2116"]
[PlyCount "117"]
[EventDate "2018.??.??"]
[EventType "tourn"]
[EventRounds "10"]
[EventCountry "ESP"]
[WhiteTeam "Palacio de Pioneros"]
[BlackTeam "Marcos Frechin"]

1. e4 e5 2. Nf3 Nc6 3. Bb5 a6 4. Ba4 Nf6 5. Qe2 Be7 6. c3 b5 7. Bc2 d5 8. d3
O-O 9. O-O h6 10. Nbd2 Bc5 11. exd5 Qxd5 12. Ne4 Nxe4 13. dxe4 Qd6 14. b4 Bb6
15. a4 bxa4 16. Rxa4 Bg4 17. h3 Bh5 18. Be3 Bxf3 19. Qxf3 Ne7 20. Rfa1 Bxe3 21.
Qxe3 Qc6 22. Bb3 Rfb8 23. Qf3 Qg6 24. Ra5 Rb6 25. Rxe5 Rf6 26. Qg4 Qxg4 27.
hxg4 Ng6 28. Rc5 Rd8 29. Rd1 Re8 30. Rxc7 Rxe4 31. Rd8+ Kh7 32. Rxf7 Ne5 33.
Bc2 Rxf7 34. Bxe4+ g6 35. f3 Rc7 36. Rd5 Nf7 37. Ra5 Nd6 38. Bd5 Rxc3 39. Rxa6
Nb5 40. Rc6 Rd3 41. Rc5 Nc3 42. Bc4 Rd2 43. Bg8+ Kxg8 44. Rxc3 Rb2 45. Rc4 Kg7
46. Kh2 Kf6 47. Kg3 g5 48. f4 Rb3+ 49. Kf2 gxf4 50. Rxf4+ Kg5 51. Rc4 Rb2+ 52.
Kf3 Rb3+ 53. Ke4 Kxg4 54. Kd5+ Kf5 55. g4+ Kg5 56. Kc6 h5 57. gxh5 Kxh5 58. b5
Kg6 59. b6 1-0

[Event "División  Honor Aragonesa 2018 "]
[Site "Aragon"]
[Date "2018.02.03"]
[Round "2.23"]
[White "Sancho Cortes, Miguel Angel"]
[Black "Dan, Teodor"]
[Result "0-1"]
[WhiteElo "2048"]
[BlackElo "2164"]
[PlyCount "84"]
[EventDate "2018.??.??"]
[EventType "tourn"]
[EventRounds "10"]
[EventCountry "ESP"]
[WhiteTeam "Marcos Frechin"]
[BlackTeam "Palacio de Pioneros"]

1. e4 g6 2. d4 Bg7 3. c4 d6 4. Nc3 Nf6 5. f4 O-O 6. Nf3 c5 7. d5 e6 8. dxe6
fxe6 9. Bd3 Nc6 10. O-O a6 11. Kh1 Nd4 12. Qe1 Rb8 13. Qh4 Bd7 14. Be3 Nh5 15.
Qxd8 Rbxd8 16. Nd2 Bh6 17. g3 e5 18. Nd5 exf4 19. gxf4 Bc6 20. b4 Bxd5 21. cxd5
Bxf4 22. Rxf4 Nxf4 23. bxc5 Nxd3 24. Bxd4 dxc5 25. Be3 Rfe8 26. Bg5 Rd7 27. Kg2
Rf7 28. Bh4 Nf4+ 29. Kg1 g5 30. Bg3 Ne2+ 31. Kg2 Nc3 32. Re1 h5 33. h3 h4 34.
Bf2 Rf4 35. Be3 Rfxe4 36. Nxe4 Rxe4 37. Kf3 Re5 38. Rc1 Nxd5 39. Bxc5 Kf7 40.
a3 Rf5+ 41. Kg4 Kg6 42. Bd6 Nf6# 0-1

[Event "División  Honor Aragonesa 2018 "]
[Site "Aragon"]
[Date "2018.02.03"]
[Round "2.24"]
[White "Baquedano Coarasa, Pablo"]
[Black "Fabre Perez, Jose Maria"]
[Result "0-1"]
[WhiteElo "2156"]
[BlackElo "1943"]
[PlyCount "98"]
[EventDate "2018.??.??"]
[EventType "tourn"]
[EventRounds "10"]
[EventCountry "ESP"]
[WhiteTeam "Palacio de Pioneros"]
[BlackTeam "Marcos Frechin"]

1. d4 d5 2. Bf4 c5 3. e3 Nc6 4. c3 Nf6 5. Nd2 e6 6. Ngf3 Bd6 7. Bg3 Qe7 8. Bd3
e5 9. dxe5 Nxe5 10. Nxe5 Bxe5 11. Bb5+ Bd7 12. Bxd7+ Nxd7 13. Qb3 Bxg3 14. hxg3
O-O-O 15. O-O-O Ne5 16. Nf3 Kb8 17. Qa4 Rd6 18. Rh5 f6 19. Nxe5 fxe5 20. Qh4
Qxh4 21. gxh4 Re8 22. Rxh7 Re7 23. g4 Rf7 24. Rd2 d4 25. exd4 cxd4 26. Kc2 d3+
27. Kc1 e4 28. b3 Rdf6 29. Rh8+ Kc7 30. Re8 Rf4 31. g5 Kd7 32. Re5 Kd6 33. Re8
Rxh4 34. c4 Rf5 35. g6 Rf6 36. Kb2 Rhf4 37. Kc3 Rxg6 38. Kd4 Re6 39. c5+ Kd7
40. Rxe6 Kxe6 41. f3 exf3+ 42. Ke3 f2 43. Rxf2 Rxf2 44. Kxf2 Kd5 45. Ke3 Kxc5
46. a3 g5 47. Kxd3 g4 48. Ke4 g3 49. b4+ Kc4 0-1